C'est Disney ? #4 - Statistiques

Statistiques générales
  • Ce quiz a été pris 1 849 fois
  • Le résultat moyen est 14 sur 16
Statistiques - réponses
Question Tuile Select % Correct
Ces films sont-ils des Classiques Disney ? Cendrillon Oui
99%
Ces films sont-ils des Classiques Disney ? Gremlins Non
97%
Ces films sont-ils des Classiques Disney ? Kirikou et les Bêtes Sauvages Non
97%
Ces films sont-ils des Classiques Disney ? Les Minions Non
97%
Ces films sont-ils des Classiques Disney ? Le Voyage de Chihiro Non
96%
Ces films sont-ils des Classiques Disney ? Hop ! Non
95%
Ces films sont-ils des Classiques Disney ? Mulan 2 Oui
94%
Ces films sont-ils des Classiques Disney ? Shrek 2 Non
94%
Ces films sont-ils des Classiques Disney ? Bambi 2 Oui
93%
Ces films sont-ils des Classiques Disney ? Pocahontas 2 Oui
93%
Ces films sont-ils des Classiques Disney ? Le Chat Potté Non
92%
Ces films sont-ils des Classiques Disney ? Rio 2 Non
88%
Ces films sont-ils des Classiques Disney ? Le Monde de Dory Oui
77%
Ces films sont-ils des Classiques Disney ? Dingo et Max Oui
72%
Ces films sont-ils des Classiques Disney ? Les Indestructibles Oui
69%
Ces films sont-ils des Classiques Disney ? Mélodie du Sud Oui
39%
Aucun quiz correspondant
Distribution des résultats
% des personnes avec chaque résultat
Percentile par nombre de réponses
Votre historique - résultats
Vous n’avez pas pris ce quiz